A History of Philosophy : Descartes to Leibniz /

Obra completa en nueve volúmenes, disponibles en biblioteca, que presenta un estudio sobre las doctrinas de los filósofos más significativos y de los movimientos filosóficos surgidos en cada período de la historia de la filosofía. En esta edición cada volumen está dividido en dos tomos, excepto el c...

Descrición completa

Gardado en:
Detalles Bibliográficos
Autor Principal: Copleston, Frederick C. (autor)
Formato: Libro
Idioma:inglés
Publicado: Nueva York, EUA : Image Books, 1963, c1960
Series:(Image ; D137)
Temas:
Etiquetas: Engadir etiqueta
Sen Etiquetas, Sexa o primeiro en etiquetar este rexistro!

MARC

LEADER 00000nam^a2200000^a^4500
001 000001263
005 20250521000000.0
009 20260310083100.507
037 |a Acervo ITESO - Biblioteca 
041 |a ING 
082 |a 140. 9  |b COP V. 4 
100 |a Copleston, Frederick C.  |e (autor) 
240 1 1 |a [Historia de la filosofía] 
245 1 2 |a A History of Philosophy :  |b Descartes to Leibniz /  |c F.C. Copleston. 
264 4 |a Nueva York, EUA :  |b Image Books,  |c 1963, c1960 
300 |a 400 p. 
336 |a texto  |b txt  |2 rdacontenido 
337 |a sin mediación  |b n  |2 rdamedio 
338 |a volumen  |b nc  |2 rdasoporte 
440 1 |a (Image ;  |v D137) 
520 |a Obra completa en nueve volúmenes, disponibles en biblioteca, que presenta un estudio sobre las doctrinas de los filósofos más significativos y de los movimientos filosóficos surgidos en cada período de la historia de la filosofía. En esta edición cada volumen está dividido en dos tomos, excepto el cuarto, que es único. El presente volumen hace una exposición general de los sistemas de los principales representantes de la filosofía moderna. Contenido del V. 4: Descartes; Pascal; Cartesianismo; Malebranche; Spinoza; Leibniz. 
649 |a XX 
650 |a Filosofía Moderna -  |x Historia y Crítica -  |x Tema Principal 
650 |a Racionalismo -  |x Historia y Crítica 
650 |a Filosofía -  |x Historia y Crítica 
650 |a Descartes, René 
650 |a Pascal, Blaise 
650 |a Malebranche, Nicolas 
650 |a Spinoza, Baruch de 
650 |a Leibniz, Gottfried Wilhelm 
910 |a Fondo General 
920 |a Impresos - Libros 
930 |a Colección General 
905 |a 101 
901 |a 0012630100  |b IT1  |c ACC  |i 001263  |u 20250521 
901 |a 0012630200  |b IT1  |c ACC  |i 900084  |u 20250521 
902 |a https://opac.biblio.iteso.mx/vufind/Record/000001263